000 00645nam a2200217Ia 4500
003 OSt
005 20221007070226.0
006 a|||||r|||| 00| 0
007 ta
008 221006b |||||||| |||| 00| 0 eng d
024 _a25,717
037 _cTextual
040 _aFLL
_cFLL
_beng
041 _2eng
_aeng
082 _aZ,2673p5a,N68, M3
245 0 _aLocarno agreement establishing an international classification for industrial designs
260 _aGeneva
_bWorld Intellectual Property Organization Geneva
_c1983
300 _a1-24p
_ccm.
942 _hZ,2673p5a,N68, M3
_cTEXL
_2CC
999 _c1139887
_d1139887